Lenguaje y comunicacion 1 /

Guardado en:
Autor Principal: Kriscautzky De Fasce, Gabriela
Formato: Libro
Publicado: Argentina : A-z, 1986
Materias:
Etiquetas: Agregar Etiqueta
Sin Etiquetas, Sea el primero en etiquetar este registro!
LEADER 00575nam a22002055a 4500
001 CEM.cems003631
005 19000101000000.0
008 130507s1986##################000#0#####d
003 CEMS
082 0 4 |a 465 
100 1 |a Kriscautzky De Fasce, Gabriela 
245 1 0 |a Lenguaje y comunicacion 1 / 
260 |a Argentina :  |b A-z,  |c 1986 
300 |a 170 p. 
653 |a Comunicacion-teoria de la 
653 |a Discurso 
653 |a Discurso expresivo 
653 |a Discurso informativo 
653 |a Discurso narrativo 
859 |a CEMS  |b BIB. CEMS - 11 de abril  |h 465  |i K897/I  |p 14742.87  |t Ej.1